| 000 | 01611nac a22003131u 4500 | ||
|---|---|---|---|
| 010 | _a 96040891 | ||
| 020 | _a0874349028 (alk. paper) | ||
| 082 | 0 | 0 |
_a616.3992 _bI582 |
| 090 |
_c4019 _d4019 |
||
| 100 | _aInnerarity, Sheryl A. | ||
| 245 | 1 | 0 |
_aFluids and electrolytes / _cSheryl A. Innerarity, June L. Stark. |
| 250 | _a3rd ed. | ||
| 260 |
_aSpringhouse, Pa. : _bSpringhouse Corp.,1997 _c1997. |
||
| 300 |
_av., 185 p. : _bcol. ill. ; _c23 cm. + _e1 computer disk (3 1/2 in.) |
||
| 440 | 0 | _aSpringhouse notes | |
| 504 | _aIncludes bibliographical references (p. [175]) and index. | ||
| 538 | _aSystem requirements for accompanying computer disk: 486 IBM-compatible personal computer (386 minimum); Windows 3.1 or greater (Windows 95 compatible); 8MB RAM (4 MB minimum), S-VGA monitor( VGA minimum), 2 MB of available space on hard drive, high-density 3 1/2" floppy drive. | ||
| 650 | 0 |
_aWater-electrolyte imbalances _xOutlines, syllabi, etc. |
|
| 650 | 0 |
_aWater-electrolyte imbalances _xNursing _xOutlines, syllabi, etc. |
|
| 650 | 0 |
_aWater-electrolyte balance (Physiology) _xOutlines, syllabi, etc. |
|
| 650 | 0 |
_aAcid-base imbalances _xOutlines, syllabi, etc. |
|
| 650 | 0 |
_aAcid-Base Imbalance _xnursing _xoutlines. |
|
| 650 | 0 |
_aWater-Electrolyte Imbalance _xnursing _xoutlines. |
|
| 650 | 0 |
_aWater-Electrolyte Balance _xoutlines. |
|
| 650 | 0 |
_aAcid-Base Equilibrium _xoutlines. |
|
| 700 | 1 | _aStark, June L. | |
| 942 |
_cBB _k616.3992I582 |
||
| 999 |
_c4019 _d4019 |
||